00958nam a2200265Ia 450000500170000000800410001702000150005810000390007324500700011225000390018230000600022149000200028149000150030165000480031665000530036465000370041765000410045470000360049526400270053133600270055833700330058533800280061804000350064608400110068120220317000517.0160601s2004 ck a g 000 0 spa  a95804564371 aRosero Diago, Evelio Joséd1958-10aCuchilla cEvelio José Rosero ; ilustraciones Diana Castellanos a1a. edición b5a. reimpresión  a154 páginasbilustraciones en blanco y negro c20 cm  aTorre de papel  aTorre azul142LEMB aNovela infantil colombianaySiglo XX142LEMB aLiteratura infantil colombiana ySiglo XX142LEMB aMaestros en la literatura142LEMB aAdolescencia en la literatura1 aCastellanos, Dianaeilustrador  aBogotá bNormac2004 atextobtxt2rdacontent asin mediaciónbn2rdamedia avolumenbnc2rdacarrier aCO-BoRNBPbspaerdacCO-BoRNBP aN ROS2